[Event "Euwe intern"]
[Site "Amsterdam"]
[Date "2001.05.18"]
[Round "?"]
[White "Witt, Rob"]
[Black "Hovenga, Alje"]
[Result "1-0"]
[WhiteElo "2219"]
[BlackElo "2109"]
[Annotator "Witt"]
[PlyCount "101"]

1. Nf3 {Vroeger beschouwde ik dit als een lichte openingsfout omdat je dan
tegen het Koningsindisch geen Samisch meer kon spelen. Tegenwoordig speel ik
alles.} Nf6 2. c4 g6 3. Nc3 Bg7 4. e4 d6 5. d4 O-O 6. Be2 e5 7. O-O Nc6 8. d5
Ne7 9. Ne1 {Ik heb me nog niet gewaagd aan de bayonetaanval met 9.b4, maar dat
komt nog wel.} Nd7 10. Nd3 {Dit leek me praktischer dan het m.i. sterkere 10.
Le3 wat Alje zelf speelt.} f5 11. Bd2 Rf7 {Vroeger ging men altijd verder met
11....Pf6 12.f3 f4 maar de zwartspelers zijn 13.g4 vervelend gaan vinden.
Daarom kwamen wachtzetten in de mode waarvan 11....Kh8 de bekendste is. Alje
heeft met de tekstzet een speciale bedoeling die ik hier nog niet doorzag. Een
bekende positionele fout is overigens 11....f4 wegens 12.Lg4. Na ruil van de
lopers krijgt zwart geen aanvalskansen meer.} 12. Qc2 {Gebruikelijk is 12.f3
of 12. Tc1. Ik wou echter een opstelling proberen met Tfc1 en evt. de dame
terug naar d1 om de zwarte doorbraak g5-g4 te bemoeilijken.} Nf6 13. f3 Kh8 14.
Rfc1 Qf8 {Dit idee, om met Lh6 de loper te ruilen, had ik nooit eerder gezien,
maar volgens Alje is het bekend.} 15. c5 Bh6 16. cxd6 cxd6 17. a4 Neg8 18. a5
Bxd2 $6 {Na de partij zochten we tevergeefs naar versterkingen van het zwarte
spel. Waarschijnlijk is dit het moment. De ruil lijkt prematuur. Uiteindelijk
kwamen we op 18...Tc7 als mogelijke versterking.} 19. Qxd2 f4 $2 {Hierna staat
wit duidelijk beter.} ({Ik had eigenlijk} 19... Qh6 {het stukoffer na} 20. Qxh6
Nxh6 21. Nb5 Ne8 22. Nxa7 $1 Bd7 23. Nc6 bxc6 24. dxc6 {is zeer gevaarlijk
voor zwart.}) 20. Nb5 Ne8 21. Nf2 {Ook hier komt het stukoffer in aanmerking,
maar ik was al tevreden over mijn stelling en wilde geen onnodige risico's
nemen.} a6 22. Na3 g5 23. Qb4 $1 $16 h5 24. h3 $6 {Niet noodzakelijk. 24.Tc3
was nog sterker.} Ngf6 {Als zwart ten koste van alles g5-g4 wil doorzetten,
lijkt Ph6 en het andere paard naar f6 sterker. Toch wordt ook dan de zwarte
aanval niet gevaarlijk als wit een toren op de derde rij zet. Ik dacht errlijk
gezegd dat Alje het idee van g5-g4 verlaten had en op de damevleugel wilde
gaan kiepen. Alje vertelde later dat hij hier een beetje op twee gedachten
hinkte.} 25. Rc3 g4 {Deze wanhoopszet verrastte me.} 26. hxg4 {Ook Tac1 was
sterk.} hxg4 27. fxg4 Qg7 28. Nc4 Bxg4 29. Nxg4 Nxg4 30. Nxd6 Nxd6 31. Rh3+ {
Misschien was Lxg4 gevolgd door Dxd6 nog sterker.} Kg8 32. Qxd6 Rf6 {Deze zet
had ik in de vooruitberekening overzien. Ik had alleen met direct Pg4-e3
rekening gehouden, maar dat is niks voor zwart. Gelukkig voor mij blijf ik
echter goed tot gewonnen staan.} (32... Ne3) 33. Qc5 {De enige damezet, anders
komt Pg4-e3-c2 met kwaliteitswinst.} Ne3 34. Bf3 Rg6 35. Rh2 Rf8 36. Kf2 $1 Rh6
{wat anders?} 37. Rxh6 Qxh6 38. Qc7 Qh4+ 39. Ke2 Ng4 40. Rf1 Ne3 {Tijdnood
voorbij, wit staat gewonnen.} 41. Rc1 Ng4 42. Qb6 $1 Rf7 $2 {Na 9' nadenken
doet Alje de zet die meteen verliest zoals ik 10'eerder had gezien. Ik was het
echter weer vergeten.} 43. Kd3 $2 {Wint natuurlijk ook, maar Dg6+ was wel zo
eenvoudig.} Nf2+ 44. Kc2 Kg7 45. Kb1 Ng4 46. Qe6 Ne3 47. Qxe5+ Kh6 48. Qh8+ Rh7
49. Qf8+ Rg7 50. Ka2 {een prettige zet om uit te voeren, maar eigenlijk is 50.
g3! met de dreiging Th1, leuker.} Qf2 51. Qxf4+ {En zwart hield het voor
gezien.} 1-0

[Event "Bussum Open"]
[Site "Amsterdam"]
[Date "2001.06.03"]
[Round "4"]
[White "Helvensteijn, Dennis"]
[Black "Witt, Rob"]
[Result "1-0"]
[WhiteElo "2232"]
[BlackElo "2219"]
[Annotator "Witt"]
[PlyCount "109"]

{Aan 1.e4-spelers die een hekel hebben aan het Frans en iets ongebruikelijks
zoeken dat goed speelbaar is, kan ik aanraden om de volgende partij te
bestuderen. Deze partij werd in de 4e ronde gespeeld. Mijn tegenstander
speelde voor de 4e keer tegen een Euwespeler wat mij de opmerking ontlokte dat
hij net zo goed intern bij ons kon spelen. Tot nu toe had alleen Becic op zijn
tandvlees remise tegen hem gemaakt. Mawira en Wieringa waren er hardhandig
afgezet.} 1. e4 e6 2. c4 {Ik had 's morgens van een aantal mogelijke
tegenstanders in hoog tempo een aantal partijen nagespeeld. Ik herinnerde mij
nog dat Helvensteijn dit altijd tegen het Frans speelde en met name tegen de
Russische grootmeester Glek was dat slecht afgelopen.} d5 {Je kan natuurli jk
ook met c5 naar een variant van het Siciliaans overgaan, maar de tekstzet is
het meest principieel.} 3. exd5 exd5 4. cxd5 Nf6 5. Bb5+ Bd7 {Veel
gebruikelijker en m.i. ook beter is Pbd7. Als ik de partij van Glek niet
gezien had, zou ik dat ongetwijfeld gespeeld hebben.} 6. Bc4 Bg4 {Zo speelde
Glek ook. Misschien is b7-b5 een overweging waard.} 7. f3 ({De verbetering.
Tegen Glek raakte hij snel in de problemen na} 7. Ne2 Nbd7 8. O-O Nb6 9. f3 Bd7
10. Bb3) 7... Bc8 {Op andere loperzetten vond ik Db3 vervelend. De dame gaat
daar sowieso naar toe.} 8. Nc3 Be7 9. Nge2 {Op deze of de volgende zet wit
Fritz telkens d2-d4 spelen, maar dat is nou net niet de bedoeling van de witte
opstelling.} Nbd7 10. d3 $1 {Pas hier begon het tot me door te dringen dat dit
allerminst een onschuldige opstellingen is van wit. Met de pion op d4 vervolgt
zwart met 0-0; Pb6; Lf5 met de truc Lf5-c2. Met de pion op d3 is dat allemaal
niet mogelijk. Ik had het idee dat ik hier al in grote problemen zat.} O-O 11.
O-O Nb6 12. Qb3 a5 13. a4 {Ik had (en heb) hier geen flauw idee hoe zwart in
deze stelling moet voortzetten.} Bc5+ 14. Kh1 {Natuurlijk niet d4} Bb4 15. Bg5
h6 16. Bh4 g5 {Link, maar ik had geen betere ideeen.} 17. Bf2 Nfd7 18. f4 $1
$16 Nc5 $2 {Noodzakelijk was g5-g4. Dat was ik echter op de volgende zet van
plan na een witte damezet.} 19. Bxc5 {Overzien of onderschat, ik weet het niet
meer.} Bxc5 20. Ne4 Be7 21. fxg5 $18 Nxc4 (21... hxg5 22. d6 {Met totale
ineenstorting}) 22. dxc4 hxg5 23. c5 Ra6 24. d6 {Alles even rechtlijnig en
krachtig gespeeld.} cxd6 25. cxd6 Rxd6 (25... Bxd6 26. Nf6+ Kg7 27. Qe3 $18)
26. Nxd6 Qxd6 27. Rad1 Qg6 28. Nc3 Bg4 $2 (28... b6 29. Nd5 Bd8 {was iets
taaier geweest.}) 29. Qxb7 $1 Bb4 (29... Bxd1 30. Qxe7 Bb3 31. Qe5 {is ook
hopeloos}) 30. Rd4 {Ik had ook kunnen opgeven, maar ik zat naast de boeiende
partij Jelmer Jens-Alje Hovenga, die ik van nabij wilde volgen. Mijn partij
behoeft verder geen commentaar.} Bc8 31. Qd5 Be6 32. Qe5 Qg7 33. Qe4 Bc5 34.
Rd3 Rb8 35. Nd5 Rxb2 36. h3 Bd6 37. Rdd1 Qe5 38. Nf6+ Kf8 39. Nd7+ Bxd7 40.
Qxe5 Bxe5 41. Rxd7 f6 42. Rc1 Ke8 43. Ra7 Kd8 44. Rxa5 Kd7 45. Ra6 g4 46. Rd1+
Ke7 47. hxg4 Rb4 48. g5 Rh4+ 49. Kg1 Bh2+ 50. Kf2 fxg5 51. Rb1 Kd7 52. Rb7+ Kc8
53. Rg7 Rf4+ 54. Ke2 Kb8 55. Rh6 1-0

[Event "Bussum Open"]
[Site "?"]
[Date "2001.06.04"]
[Round "6"]
[White "Bosman, Michiel"]
[Black "Witt, Rob"]
[Result "1-0"]
[WhiteElo "2291"]
[BlackElo "2219"]
[Annotator "Witt"]
[PlyCount "87"]

{Met 3,5-5 was het nog mogelijk om voor de prijzen te spelen, maar dan mocht
deze partij in ieder geval niet verloren worden. Bosman had eerder in het
toernooi vriend en vijand verbaasd door van IGM Ikonnikov te winnen, dus ik
was gewaarschuwd.} 1. e4 c5 2. Nf3 e6 3. c3 {Merkwaardig dat Bosman net als
tegen Alje (na 2....d6) pas op de 3e zet c3 speelt. Ik kan daarvoor eigenlijk
geen reden bedenken, of het moet zijn dat hij na 2....Pc6 graag 3. Lb5 speelt.}
Nf6 4. e5 Nd5 5. g3 {Tsja, ik weet dat dit bestaat, ik weet zelfs dat dit in
de mode gekomen is door toedoen van de Let Rozentalis, maar verder gaat mijn
kennis niet.} Nc6 6. Bg2 Qc7 {Ik zat hier ook opstellingen met f7-f5 te
overwegen, maar de tekstzet leek me gezonder.} 7. Qe2 d6 8. exd6 Bxd6 9. Na3
Be7 10. O-O O-O {Tot mijn verrassing blijkt dit allemaal bekend te zijn. I.p.v.
rokade was 10....a6 ook een interessante mogelijkheid.} 11. Re1 Bf6 12. h4 {
Beide spelers hadden hier al zo'n 3 kwartier gebruikt, dus voor Bosman zal dit
ook geen gesneden koek geweest zijn. Bekend was 12.d3.} a6 13. Nc4 Rb8 {
Misschien is deze zet iets te diepzinnig. Gewoon 13....b5 gevolgd door Lb7
leidt tot een bevredigende stelling voor zwart.} 14. d3 Rd8 15. Ng5 b5 $2 {
Moeilijk te zien dat dit niet goed is.} ({Gezond was} 15... h6 16. Ne4 Be7 {
met gelijke kansen.}) 16. Ne3 $1 {Ik dacht dat dit niet kon wegens 16.... Pc3
en dat wit gedwongen was om 16.Ld5 te spelen. Na 25' nadenken kwam ik echter
tot de conclusie dat ik hier geen zet meer had en besloot tenslotte tot een
zet waarvan ik inmiddels vergeten was waarom die meteen verloor.} g6 $4 {
Einde partij, einde toernooi.} ({Relatief het beste was het om een pion te
geven met} 16... Nxe3 17. Bxe3 Bxg5 18. hxg5 Qd6 19. Bf4 e5 20. Bxe5 Nxe5 21.
Qxe5 Be6 22. Qxd6 Rxd6 {en zwart kan nog vechten voor remise.}) ({Het
interessantst was natuurlijk} 16... Nxc3 17. bxc3 (17. Qh5 h6 18. Ng4 Nd5)
17... Bxc3 {Maar na een tijdje ontdekte ik} 18. Nd5 $1 {De zet die ik overzien
had toen ik b7-b5 speelde. de alternatieven lijken allemaal goed voor zwart.
Bijv.} (18. Bxc6 Qxc6 19. Qh5 h6 20. Qxf7+ Kh8 {is goed voor zwart.}) ({en ook
} 18. Bb2 Nd4 19. Qh5 Bxb2 20. Qxh7+ Kf8 {levert wit niks op.}) 18... Rxd5 19.
Bxd5 Bxa1 20. Bxc6 ({Misschien nog sterker dan het eveneens aantrekkelijke} 20.
Qh5 h6 21. Bf4 Be5 22. Rxe5 Nxe5 23. Bxe5 Qe7 24. Bd6 Qf6 25. Be4 Rb7 26. Bh7+
Kh8 27. Be5 Qxe5 28. Nxf7+ Rxf7 29. Qxe5 Kxh7 30. Qxc5 $16) 20... Qxc6 21. Qh5
Bb7 22. Qxh7+ Kf8 23. Ne4 Re8 24. Qh8+ Ke7 25. Bg5+ Kd7 26. Qh5 f6 27. Rxa1
fxg5 28. Qxg5 $16) 17. Nxd5 {De simpele weerlegging} exd5 18. Bf4 $18 Qa7 19.
Bxb8 Qxb8 20. Bxd5 {en er volgde nog} Bxg5 21. Bxc6 Bf6 22. Qf3 Qd6 23. Re8+
Rxe8 24. Bxe8 Qe7 25. Bc6 Kg7 26. a3 h5 27. Qe3 Qd6 28. Bf3 a5 29. Rd1 b4 30.
axb4 axb4 31. d4 cxd4 32. cxd4 Bf5 33. b3 Be6 34. Kg2 Bf5 35. Be4 Be6 36. Rd3
Qa6 37. d5 Bd7 38. d6 Qa1 39. Bf3 Bb5 40. Rd1 Qa5 41. d7 Qc7 42. Qd2 Bd8 43.
Qxb4 Ba6 44. Rd6 1-0

[Event "Bussum Open"]
[Site "?"]
[Date "2001.06.03"]
[Round "5"]
[White "Witt, Rob"]
[Black "Visser, Henk-Jan"]
[Result "1-0"]
[WhiteElo "2219"]
[BlackElo "2060"]
[Annotator "Witt"]
[PlyCount "96"]

{Om te laten zien dat ik ook wel eens won in Bussum, hierbij mijn winstpartij
uit de 5e ronde tegen clubgenoot Henk-Jan Visser met summier commentaar. Het
aardige is dat er pas op zet 40 wat geslagen wordt. Op dat moment had ik nog
21' en Henk-Jan 3'} 1. Nf3 g6 2. c4 Bg7 3. d4 d6 4. Nc3 Nf6 {Verrassend voor
mij schakelt Henk-Jan hier over naar het Koningsindisch.} ({Ik had het systeem
verwacht na} 4... c5 5. d5 Bxc3+ 6. bxc3 f5 {wat hij on langs nog in de
interne tegen Alje speelde. Desgevraagd vertelde Henk-Jan mij na de partij tot
mijn verbazing dat ik zijn systeem met een slimme zetvolgorde verhinderd had.
Dat is inderdaad zo, moest ik beamen, want i.p.v. 5.d5 speelt wit 5.e4.}) 5. e4
O-O 6. Be2 Na6 7. Be3 c5 8. O-O b6 9. Qd2 Bb7 10. d5 Nc7 11. Bh6 e5 12. Bg5 $1
Qd7 13. Ne1 Rae8 {Gericht tegen f4 hoewel dat misschien evengoed mogelijk is.}
14. h3 Qc8 15. g4 Kh8 16. Ng2 Ng8 17. Bd3 f6 18. Be3 g5 $6 {Dat zou ik niet
gedaan hebben. Zwart krijgt weliswaar een mooi paard op f4, maar kan
vervolgens alleen maar lijdzaam afwachten tot dat wit zin heeft om de stelling
te openen.} 19. f3 Ne7 20. Ne2 Ng6 21. Ng3 Nf4 22. Nf5 Qd8 23. h4 h6 $6 {
Waarschijnlijk is het beter om zo snel mogelijk met Lb7-c8xf5 het lastige
paard te elimineren.} 24. Bf2 Kg8 25. Nge3 Rf7 26. Bg3 Bf8 27. Kf2 Qc8 28. Rh1
Rd8 29. Rh2 Rdd7 30. Rah1 Rh7 31. Qd1 Ne8 {Het lijkt me in de praktijk bijna
ondoenlijk om deze stelling te spelen met zwart, vooral omdat hij nog 7'heeft
en wit 30' voor de rest van de partij.} 32. Qf1 Qc7 33. a3 a6 34. Kg1 Bc8 35.
Be1 Qa7 36. Kf2 Rc7 37. Kg3 Qb7 38. Bd2 Qa7 $2 39. Bc2 $1 b5 $2 {Er was nog
geen reden voor deze paniekzet, maar zwart had inmiddels minder dan 3'.} ({Na} 
39... Ng7 {is er nog niet zoveel aan de hand.}) 40. cxb5 Qb6 (40... c4 41. Ba5
$1) 41. a4 axb5 42. axb5 c4 43. Ba4 Nd3 44. hxg5 (44. b3 $1) 44... fxg5 $6 (
44... Nxb2 $5 45. g6) 45. Nxh6+ Kh8 $6 (45... Bxh6 46. Rxh6 Rxh6 47. Rxh6 Nxb2
$2 48. Qh3 $1) 46. Nxc4 Qd4 47. b3 Nf4 48. Be3 Qc3 {En met nog enkele
tientallen seconden op de klok gaf Henk-Jan er de brui aan.} 1-0

[Event "Bussum Open"]
[Site "?"]
[Date "2001.06.04"]
[Round "7"]
[White "Witt, Rob"]
[Black "Van Wijk, Rob"]
[Result "1/2-1/2"]
[WhiteElo "2219"]
[BlackElo "2006"]
[Annotator "Witt"]
[PlyCount "83"]

{Enigszins gedeprimeerd van mijn onnodige nul in de 6e ronde begon ik zonder
enige concentratie aan de laatste partij.} 1. Nf3 d5 2. d4 Nf6 3. c4 c6 4. e3
e6 5. Nbd2 {Ik had geen trek in een gewone Meraner. De tekstzet is goed
speelbaar als zwart een Meraneropstelling kiest, maar minder geslaagd na 5....
c5! Op de een of andere manier bedenkt bijna niemand dat als hij het niet weet.
} Bd6 6. Bd3 Nbd7 7. O-O O-O 8. e4 dxe4 9. Nxe4 Nxe4 10. Bxe4 {Nu is via
zetverwisseling toch een bekende stelling ontstaan.} c5 ({Maar dit is voor mij
onbekend. Het meest gebruikelijk is} 10... h6 11. Bc2 e5) 11. Bc2 {Deze op
zich logische zet kostte me ruim een kwartier. Ik zat duidelijk niet in de
partij.} Re8 ({Op} 11... Qc7 {was ik} 12. dxc5 Bxc5 13. b3 {met een prettige
stelling voor wit.}) 12. Qd3 ({Ik had hier een tijdje gekeken naar} 12. Ng5 {
maar na} h6 ({Niet} 12... Nf6 $2 13. dxc5 Bxc5 14. Nxh7 Bxf2+ 15. Rxf2 Qxd1+
16. Bxd1 {met een duurzaam voordeeltje voor wit.}) ({Ook niet goed is} 12... g6
13. Ne4 Be7 14. dxc5 Nxc5 15. Nxc5 Bxc5 16. Ba4) 13. Qh5 Qe7 14. Bh7+ Kf8 {
lijkt het niks voor wit.}) 12... Nf8 13. Ng5 $2 {Wat is dit voor absurde zet!
Het is moeilijk te geloven, maar ik verkeerde hier even in de veronderstelling
dat mijn dame-loper-batterij andersom stond, zodat op h6 vernietigend Lh7+ Kh8
Pf7+ met damewinst, zou komen. Op het moment dat ik het paard los liet, zag ik
dat de dame voorop stond. Twee tempi en 10' verspeeld.} ({De normale zet is} 
13. Rd1) 13... h6 {Hiermee kom ik nog goed weg. Waarom niet} (13... cxd4 $1 14.
f4 (14. Nxh7 $2 Qh4 $19) 14... h6 15. Nf3 Qb6 $15) 14. Nf3 Qc7 15. Rd1 b6 16.
dxc5 Bxc5 17. b3 Bb7 18. Bb2 e5 {Interessant gespeeld, i.p.v. het voor de hand
liggende Tad8.} 19. Qf5 f6 {Tijdverbruik: wit 1.03; zwart 43'.} 20. Nh4 $2 ({
Dit heeft geen zin, het paard bereikt toch nooit f5. Beter was} 20. Be4 Bxe4 (
20... g6 21. Qg4 $14) 21. Qxe4 Rad8 22. Rd5 {en wit heeft denk ik vrijwel
gelijk spel.}) 20... Rad8 $6 ({Veel sterker is} 20... e4 $1 {bijv.} 21. Qg4 e3
22. fxe3 Rxe3 23. Kh1 Rae8 {en} 24. Bxf6 $2 {faalt op} Be4 25. Bxe4 R3xe4 $19)
21. Be4 $2 (21. Qg4 e4 22. Nf5 {was goed speelbaar.}) 21... Bd4 $1 22. Bxd4
exd4 23. Bd3 $6 {en dit is spelen met vuur.} Re5 24. Qh3 Qc5 {Ik maakte me
meer zorgen over} (24... Rh5 {maar misschien valt het mee na} 25. Qg3 Qxg3 26.
hxg3 Re5 27. Kf1) 25. Nf3 Re7 26. Qg4 g6 {Verrassend gespeeld} 27. h4 $2 (27.
Re1 $11) 27... f5 28. Qf4 Be4 $2 {Het idee om de h-pion te offeren is goed,
maar de uitvoering kan veel beter} (28... Qd6 $1 29. Qxh6 Rh7 30. Qg5 Bxf3 31.
gxf3 Rh5 32. Qg3 Qf6 $17) 29. Qxh6 Bxf3 30. gxf3 Qd6 $2 ({Nauwkeuriger was
eerst} 30... Rh7 31. Qg5 Qd6 32. Re1 Rh5 33. Qe7 {met gelijke kansen.}) 31. Re1
$2 {Wit verzuimt te profiteren} (31. c5 $1 Qf6 {enige zet} 32. Bc4+ Ne6 33. Re1
b5 34. Rxe6 Rxe6 35. Bxe6+ Qxe6 36. Kh1 $1 {met grote problemen voor zwart.
Deze laatste zet had ik gemist.}) 31... Ne6 $2 (31... Rh7 {leidt weer tot de
bovengenoemde remisevariant. Wit heeft nog 25', zwart 13'.}) 32. c5 {Ziet er
aantrekkelijk uit, maar sterker was} (32. Kh1 $1 {en ik zie niet hoe zwart het
kan houden.}) 32... bxc5 33. Bc4 (33. Kh1 $1 {is nog steeds sterker}) 33...
Rde8 34. Rxe6 ({En opnieuw was} 34. Kh1 {winnend}) 34... Rxe6 35. Re1 ({
En opnieuw} 35. Kh1 $1) 35... Kf7 {Nu heeft wit niet meer dan remise.} 36. h5
gxh5 37. Qh7+ Kf6 38. Qh6+ Kf7 39. Kh1 {Eindelijk, maar nu is het niks.
Misschien was f4 nog een poging.} R8e7 40. Qxh5+ {Beter meteen remise maken met
} Kg7 41. Qg5+ Kh8 42. Rxe6 {met remiseaanbod. Een spannende partij boordevol
fouten waarbij beide spelers kansen gemist hebben.} 1/2-1/2

[Event "Lost Boys Schaaktoernooi"]
[Site "?"]
[Date "2001.08.10"]
[Round "1"]
[White "Witt, Rob"]
[Black "Ernst, Sipke"]
[Result "1/2-1/2"]
[WhiteElo "2280"]
[BlackElo "2440"]
[Annotator "Witt"]
[PlyCount "44"]

1. Nf3 Nf6 2. c4 c5 3. Nc3 d5 4. cxd5 Nxd5 5. e3 {Gebruikelijker zijn 5.d4 wat
ik tegen Nirav speelde; 5.g3 en vooral 5.e4 Pb4 is interessant. De tekstzet
blijkt een goede keus want Ernst had dit nog niet geanalyseerd.} g6 $6 {
Op dit moment realiseerde ik me nog niet dat dit minder goed is. Normaal is
eerst ruilen op c3 en dan pas g6. Overigens heb ik dit zelf ook een paar
decennia geleden gespeeld in Spanje en werd toen verrast door de sterke
manoeuvre 6.Da4 en 7.Dc4.} 6. Bb5+ {Vreemd dacht ik. Zwart kan hier helemaal
geen Pbd7 spelen terwijl ik dat een half jaar geleden toch voorbereid had
tegen Wunnink. Toen was echter eerst op c3 geruild.} Bd7 7. Qb3 Nb4 $2 {
Gespeeld na 25'nadenken en niet goed.} (7... Nxc3 8. bxc3 {leidt tot de
hoofdvariant van deze zijvariant.} (8. Qxc3 $2 Bxb5 $1 9. Qxh8 Qd3 10. Kd1 Qe2+
11. Kc2 Nc6 {is natuurlijk goed voor zwart.}) (8. Bc4 {wat ik van plan was} e6
9. Qxc3 Rg8 {lijkt me speelbaar voor zwart.})) (7... Nb6 {is ook een
overweging waard.}) 8. Bc4 $1 {Deze sterke zet had Ernst gemist. Hij had zich
alleen beziggehouden met allerlei ingewikkelde varianten na 8.Pe5.} e6 9. a3 b5
(9... N4c6 $2 10. Qxb7 Na5 11. Qxa8 Nxc4 12. Qxa7 Nc6 13. Qa6 {is winnend.}) (
9... Qa5 10. Rb1 b5 11. Be2 N4a6 12. Nxb5 Qb6 13. Ne5 {is vreselijk voor zwart.
}) 10. Nxb5 N4c6 11. Qd3 ({Eerst} 11. Qc3 Rg8 {en dan pas} 12. Qd3 {was nog
sterker.}) 11... Na5 12. b3 Nxc4 13. bxc4 Bg7 14. Rb1 ({Vooral niet} 14. Nd6+
Ke7 15. Rb1 Bc6 $1) 14... O-O 15. Bb2 $6 ({Eenvoudig} 15. O-O {was beter gewe
est. Toch is de tekstzet niet zo slecht als we na de partij dachten.}) 15...
Bxb5 16. Qxd8 Rxd8 17. cxb5 Bxb2 18. Rxb2 Rd3 {Ik had deze hele afwikkeling
gemist. De a-pion kan niet goed gedekt worden en ik dacht evenals Ernst dat er
nu en remiseeindspel ontstond.} 19. Ke2 {met remiseaanbod wat meteen
aangenomen werd. Na afloop keken we alleen naar} Rxa3 20. Ne5 f6 21. Nc4 ({
Veel sterker is echter} 21. Nd3 $1 Nd7 22. Rc1 Rc8 23. Rbc2 {en wit komt een
gezonde pion voor.}) 21... Ra4 22. Rc1 Nd7 {met remiseachtig eindspel.} 1/2-1/2